01079nam a2200241Ia 450000100060000000300090000600800410001504000130005604000130006904100130008210000220009510000290011724500590014624500550020525000110026026000100027126000120028126000490029330000590034250003660040165000390076765000310080698196IT-RoPAU130308s9999 xx 000 0 und d aIT-RoPAU cIT-RoPAU aSPAGNOLO aKlapper Joseph T. gCodice Aut. SPICS: 5074 aMedios de comunicacion colectiva y la persuasion (Los) bProceso Y Efectos de la comunicacion colectiva (2) a1a ed. aQUITO bCiespal c1964 [1° Ed.:1964 - Ed.Ling.Originale:1954] a"30 p. (prefazione: no ; testo: 30 [pagine: 241-270])" aMezzi di Comunicazione di Massa e Persuasione. Fatto e Natura della Persuasione per tutti I Media. Inchieste della Divisione di Informazione ed Educazione del Dipartimento di Guerra. Condizioni per la Massima Probabilità€ dell'Effetto. Ripieghi Addizionali per L'Esito della Persuasione. Speculazioni riguardo la Persuasione in favore delle Attitudini Civiche. aTEORIA DELLA COMUNICAZIONE SOCIALE eCodice materia Spics: 3802